000 00311nam a2200145Ia 4500
100 _aRussell/Ken/ Carter/Philip
942 _cBK
366 _f20
245 _aBook of IQ tests-Book 5
260 _bKogan Page
_c2010
082 _a153.93
_bRUS
300 _a215
546 _aENGLISH
_cComputers
999 _c28475
_d28475